| 000 | 00831nam a2200313Ia 4500 | ||
|---|---|---|---|
| 001 | UByD000852 | ||
| 003 | AR-LpoUNG | ||
| 005 | 20220818191116.0 | ||
| 008 | 220818s1989||||sp |||||||||||||| ||spa|| | ||
| 020 | _a9509940100 | ||
| 040 |
_aAR-LpoUNG _bspa _cAR-LpoUNG _eaacr |
||
| 082 | 0 | _a982.063 864v1 | |
| 100 | 1 | _aLópez, Mauricio Amílcar | |
| 245 | 1 | 4 | _aLos cristianos y el cambio social en la Argentina 1965-1975 |
| 250 | _a1ra. ed. | ||
| 260 |
_aBuenos Aires : _bAlfa, _c1989. |
||
| 300 | _axiv, 250 p. | ||
| 650 | 4 | _aARGENTINA | |
| 650 | 4 | _aHISTORIA POLITICA | |
| 650 | 4 | _aHISTORIA SOCIAL | |
| 650 | 4 | _aCRISTIANISMO | |
| 650 | 4 | _aRELIGION | |
| 650 | 4 | _aRELACION IGLESIA-ESTADO | |
| 650 | 4 | _aCAMBIO SOCIAL | |
| 650 | 4 | _aTEORIA POLITICA | |
| 650 | 4 | _aTEORIA SOCIAL | |
| 905 | _aCJPM299 | ||
| 942 |
_cLIB _2ddc |
||
| 999 |
_c62001 _d62001 |
||